| 000 -ლიდერი |
| ფიქსირებული სიგრძის საკონტროლო ველი |
01998nam a22002537a 4500 |
| 003 - საკონტროლო ნომრის იდენტიფიკატორი |
| საკონტროლო ველი |
Ge_BSU |
| 005 - ბოლო ოპერაციის თარიღი და დრო |
| საკონტროლო ველი |
20240514152805.0 |
| 008 - ფიქსირებული სიგრძის მონაცემთა ელემენტები - ზოგადი ინფორმაცია |
| ფიქსირებული სიგრძის საკონტროლო ველი |
240514s2022 enk||||| |||| 00| 0 eng d |
| 020 ## - წიგნის საერთაშორისო სტანდარტული ნომერი |
| International Standard Book Number |
9789941352553 (ტომი 6) |
| 020 ## - წიგნის საერთაშორისო სტანდარტული ნომერი |
| International Standard Book Number |
9789941350429 (ყველა ტომისთვის) |
| 041 ## - ენის კოდი |
| Language code of text/sound track or separate title |
geo |
| 080 ## - უნივერსალური ათობითი კლასიფიკაციის ინდექსი |
| Universal Decimal Classification number |
343.431(479.22) ს-32 |
| 245 ## - ცნობა სათაურის შესახებ |
| Title |
საქართველოს ისტორიის პალიტრა : 15 ტომეული. |
| Remainder of title |
ტომი 6, ადამიანებით ვაჭრობა საქართველო-კავკასიაში XVI-XIX საუკუნეებში : ისტორიულ-სამართლებრივი ასპექტები / |
| Statement of responsibility, etc |
ავთანდილ კილასონია; პროექტის ხელმძღვანელი ჯაბა სამუშია; სარედაქციო ჯგუფი: ლადო იოსებაძე, ნესტან მაღალაშვილი, თამარ ჯანთიშვილი [და სხვა]. |
| 264 ## - წარმოების, გამოცემის, დისტრიბუციის და სხვა ცნობები |
| გამოცემის, წარმოების, დისტრიბუციის... ადგილი |
თბილისი : |
| გამოცემის, წარმოების, დისტრიბუციის... სახელწოდება |
პალიტრა L, |
| გამოცემის, წარმოების, დისტრიბუციის... თარიღი |
2022. |
| 300 ## - ფიზიკური აღწერა |
| Extent |
344 გვ. ; |
| Other physical details |
23 სმ. |
| 504 ## - BIBLIOGRAPHY, ETC. NOTE |
| Bibliography, etc |
ბიბლიოგრაფია ტექსტის შენიშვნებში. |
| 653 ## - INDEX TERM--UNCONTROLLED |
| Uncontrolled term |
ადამიანებით ვაჭრობა საქართველოში |
| 700 ## - ADDED ENTRY--PERSONAL NAME |
| Personal name |
კილასონია, ავთანდილ |
| Relator term |
ავტორი |
| 9 (RLIN) |
22092 |
| 700 ## - ADDED ENTRY--PERSONAL NAME |
| Personal name |
სამუშია, ჯაბა |
| Relator term |
პროექტის ხელმძღვანელი |
| 9 (RLIN) |
22093 |
| 700 ## - ADDED ENTRY--PERSONAL NAME |
| Personal name |
იოსებაძე, ლადო |
| Relator term |
რედაქტორი |
| 9 (RLIN) |
17896 |
| 700 ## - ADDED ENTRY--PERSONAL NAME |
| Personal name |
ჯანთიშვილი, თამარ |
| Relator term |
რედაქტორი |
| 9 (RLIN) |
22094 |
| 700 ## - ADDED ENTRY--PERSONAL NAME |
| Personal name |
ჯანდიერი, ირინა და სხვ. |
| Relator term |
რედაქტორი |
| 9 (RLIN) |
22095 |
| 942 ## - ADDED ENTRY ELEMENTS (KOHA) |
| Source of classification or shelving scheme |
|
| Koha item type |
წიგნი |